Regionálna ekonomika a rozvoj

Guardado en:
Detalles Bibliográficos
Autor principal: Výrostová, Eva
Formato: Libro
Lenguaje:eslovaco
Publicado: Bratislava Iura Edition 2010
Colección:Ekonómia
Materias:
Etiquetas: Agregar Etiqueta
Sin Etiquetas, Sea el primero en etiquetar este registro!

MARC

LEADER 00000nam a2200000 4500
001 0121938
005 20240314093225.1
020 |a 978-80-8078-361-7 
041 0 |a slo 
044 |a SK 
245 1 0 |a Regionálna ekonomika a rozvoj  |c Eva Výrostová 
264 1 |a Bratislava  |b Iura Edition  |c 2010 
300 |a 352 s. 
490 1 |a Ekonómia 
830 0 |a Ekonómia 
610 2 0 |a ekonomika regionálna 
610 2 0 |a rozvoj regionálny 
610 2 0 |a podnik priemyselný 
610 2 0 |a priestor 
610 2 0 |a štruktúra regionálna 
610 2 0 |a obyvateľstvo 
610 2 0 |a migrácia 
610 2 0 |a urbanizácia 
610 2 0 |a mestá 
610 2 0 |a regióny 
610 2 0 |a regióny administratívne 
610 2 0 |a regionalizácia 
610 2 0 |a teórie rozvoja regionálneho 
610 2 0 |a politika regionálna 
610 2 0 |a Slovensko 
610 2 0 |a Európska únia 
100 1 |a Výrostová, Eva